000 00566nam a22001691 4500
040 _cICU
082 0 0 _a519 AME 1968 A063 Or.
100 1 _aLinnik, I︠U︡. V.
245 1 0 _aStatistical problems with nuisance parameters,
260 _aProvidence,
_bAmerican Mathematical Society,
_c1968.
300 _aix, 258 p.
_c24 cm.
490 1 _aTranslations of mathematical monographs,
500 _aTranslation of [Statisticheskie zadachi s meshai︠u︡shchimi parametrami]
650 0 _aStatistical hypothesis testing.
650 0 _aEstimation theory.
942 _cEK
999 _c15245
_d15245